00606 a2200181 4500003000500000005001700005040000900022082001000031245005400041260005100095300001000146505008600156538003200242650001800274942001200292999001900304952010100323Nust20170207154214.0 cNust a378.4 aSt Mary,s CollegebA College of the Uni of Surrey aSurreyb College of the Uni of Surreyc2001-02 a92 p. aIntroduction (Page-6) Academic Programmes (Page-28) Further Information (Page-85) aAlmirah No. 117 Shelf No. 2 aUG Prospectus 2ddccBK c195013d195013 00102ddc40708NFICaMCSbMCSd2016-12-12l0o378.4 MARpMCSPS-75r2016-12-08w2016-12-12yBK